Datum a čas kvízu
20
Celkem bodů
Celkový počet nahraných bodů na tomto kvízu bez doplňovacích otázek.
12.
Pořadí na kvízu
Konečné umístění týmu na tomto kvízu.
Zaznamenané odpovědi
| # | Otázka | Odpověď | Body | Výsledky |
|---|---|---|---|---|
| 1. | Ve středu přijali poslanci nov... | přiosvojení | 0 | |
| 2. | Dlouholetý kariérní diplomat a... | Kuba | 1 | |
| 3. | Jak se jmenuje 88letý zahranič... | Alain Delon | 0 | |
| 4. | Ředitelka české pobočky jedné... | 1 | ||
| 5. | LeBron James pokořil ve své 21... | 40 000 bodů | 0 | |
| 6. | Napište český i latinský název... | kost stehenní, femur (os femoris) | 0.5 | |
| 7. | Ve kterém kraji České republik... | v Královéhradeckém | 0 | |
| 8. | Hlavní postava seriálu Sběrate... | Booth | 0 | |
| 9. | Kterému zvířeti patří tato kos... | hrochovi | 1 | |
| 10. | V září roku 2012 byla pod park... | Richard III. | 0 |